|
|
|
|
| LEADER |
01492nam a2200373 a 4500 |
| 001 |
EBC1336779 |
| 003 |
MiAaPQ |
| 005 |
20200520144314.0 |
| 006 |
m o d | |
| 007 |
cr cn||||||||| |
| 008 |
130815s2013 enkao sb 000 0 eng d |
| 020 |
|
|
|z 9781443848206
|
| 020 |
|
|
|a 9781443850186 (electronic bk.)
|
| 035 |
|
|
|a (MiAaPQ)EBC1336779
|
| 035 |
|
|
|a (Au-PeEL)EBL1336779
|
| 035 |
|
|
|a (CaPaEBR)ebr10742349
|
| 035 |
|
|
|a (CaONFJC)MIL507767
|
| 035 |
|
|
|a (OCoLC)855505134
|
| 040 |
|
|
|a MiAaPQ
|c MiAaPQ
|d MiAaPQ
|
| 050 |
|
4 |
|a HF5351
|b .A37 2013
|
| 082 |
0 |
4 |
|a 650
|2 23
|
| 100 |
1 |
|
|a Agrawal, Arvind.
|
| 245 |
1 |
0 |
|a How India found its feet
|h [electronic resource]
|b the story of Indian business leadership and value creation, 1991-2010 /
|c by Arvind Agrawal.
|
| 260 |
|
|
|a Newcastle upon Tyne, England :
|b Cambridge Scholars Publishing,
|c c2013.
|
| 300 |
|
|
|a 1 online resource (xiii, 224 p.) :
|b ill., photographs.
|
| 504 |
|
|
|a Includes bibliographical references.
|
| 533 |
|
|
|a Electronic reproduction. Ann Arbor, MI : ProQuest, 2015. Available via World Wide Web. Access may be limited to ProQuest affiliated libraries.
|
| 588 |
|
|
|a Description based on online resource; title from title page (ebrary, viewed August 15, 2013).
|
| 650 |
|
0 |
|a Business.
|
| 650 |
|
0 |
|a Leadership.
|
| 650 |
|
0 |
|a Success in business.
|
| 655 |
|
4 |
|a Electronic books.
|
| 710 |
2 |
|
|a ProQuest (Firm)
|
| 856 |
4 |
0 |
|u https://ebookcentral.proquest.com/lib/matrademy/detail.action?docID=1336779
|z Click to View
|